000 00881 a2200205 4500
001 30246
005 20260407155614.0
008 260407a1974 arg spa d
003 AR-UNSa-BCEJYS
040 _aAR-UNSa-BCEJYS
_bspa
_cAR-UNSa-BCEJYS
080 _a657.633
_xDetalles técnicos de la auditoría. Comprobaciones internas
245 1 0 _aFundamentos de auditoria
264 1 _aBuenos Aires :
_bEl Coloquio
_c1974
300 _a464 p.
_c22 cm.
505 _a1. Introducción - 2. Disposiciones legales y concepto técnico de la función del auditor - 3. La contratación de servicios profesionales- 4 .Honorarios - 5. Programa de trabajo - 6. Las hojas de trabajo - 7. El dictamen y el informe extenso - 8. Responsabilidad del auditor - 9. Conclusión
942 _cBK
590 _aniveau_biblio:m niveau_hierar:0
100 1 _aBrooks, L.H.
700 1 _aWindfield, C.W.
999 _c2067
_d2067